Alle Sparkassen in Österreich - Statistiken

Allgemein
  • Dieses Quiz wurde 11 mal gespielt
  • Das Durchschnittsergebnis liegt bei 6 aus 49
Antwortstatistiken
Hint Antwort % Korrekt
Wien Erste Bank der oesterreichischen Sparkassen
45%
Kärnten Kärntner Sparkasse
45%
Oberösterreich Allgemeine Sparkasse Oberösterreich Bankaktiengesellschaft
36%
Salzburg Salzburger Sparkasse Bank
36%
Niederösterreich Sparkasse Niederösterreich Mitte West
36%
Tirol Tiroler Sparkasse Bankaktiengesellschaft Innsbruck
36%
Niederösterreich Wiener Neustädter Sparkasse
36%
Vorarlberg Sparkasse Bregenz Bank
27%
Niederösterreich Sparkasse der Stadt Amstetten
27%
Steiermark Steiermärkische Bank und Sparkassen
27%
Vorarlberg Dornbirner Sparkasse Bank
18%
Niederösterreich Sparkasse Baden
18%
Vorarlberg Sparkasse Bludenz Bank
18%
Vorarlberg Sparkasse der Stadt Feldkirch
18%
Tirol Sparkasse der Stadt Kitzbühel
18%
Kärnten Sparkasse Feldkirchen
18%
Oberösterreich Sparkasse Mühlviertel-West Bank
18%
Steiermark Sparkasse Pöllau
18%
Niederösterreich Waldviertler Sparkasse Bank
18%
Wien Die Zweite Wiener Vereins-Sparcasse
9%
Wien Erste Group Bank
9%
Niederösterreich Kremser Bank und Sparkassen
9%
Vorarlberg Sparkasse der Gemeinde Egg
9%
Niederösterreich Sparkasse Hainburg-Bruck-Neusiedl
9%
Niederösterreich Sparkasse Horn-Ravelsbach-Kirchberg
9%
Tirol Sparkasse Imst
9%
Niederösterreich Sparkasse Langenlois
9%
Oberösterreich Sparkasse Neuhofen Bank
9%
Niederösterreich Sparkasse Poysdorf
9%
Oberösterreich Sparkasse Pregarten-Unterweißenbach
9%
Tirol Sparkasse Rattenberg Bank
9%
Tirol Sparkasse Reutte
9%
Tirol Sparkasse Schwaz
9%
Tirol Lienzer Sparkasse
0%
Oberösterreich Sparkasse Eferding-Peuerbach-Waizenkirchen
0%
Oberösterreich Sparkasse Frankenmarkt
0%
Niederösterreich Sparkasse Haugsdorf
0%
Niederösterreich Sparkasse Herzogenburg-Neulengbach
0%
Niederösterreich Sparkasse Korneuburg
0%
Tirol Sparkasse Kufstein
0%
Oberösterreich Sparkasse Lambach Bank
0%
Salzburg Sparkasse Mittersill
0%
Steiermark Sparkasse Mürzzuschlag
0%
Niederösterreich Sparkasse Neunkirchen
0%
Niederösterreich Sparkasse Pottenstein
0%
Oberösterreich Sparkasse Ried im Innkreis-Haag am Hausruck
0%
Oberösterreich Sparkasse Salzkammergut
0%
Niederösterreich Sparkasse Scheibbs
0%
Steiermark Sparkasse Voitsberg-Köflach Bank
0%
Keine übereinstimmenden Quizze gefunden
Verteilung der Resultate
Anzahl Personen mit jedem Resultat
Perzentil nach korrekt beantworteten Fragen
Ihre Resultats-Entwicklung
Sie haben dieses Quiz noch nicht gespielt